000 00709nam a2200277Ia 4500
008 170711s9999 xx 000 0 und d
020 _a395501237
050 _a613.7
050 _bB154 1989
100 _aBailey, Covert
245 4 _aThe fit or fat woman :
245 _bsolutions for women's unique concerns /
245 _cby Covert Bailey and Lea Bishop.
260 _aUSA :
260 _bHoughton Mifflin,
260 _c1989
300 _aviii, 151 pages :
300 _billustrations ;
300 _c21cm.
650 _aExercise for women.
650 _aReducing exercises.
650 _aWomen --
650 _xHealth and hygiene.
700 _aBishop, Lea.
700 _aTitle.
999 _c339746
_d339746